[Event "CAN op"]
[Site "Hamilton CAN"]
[Date "2022.07.17"]
[Round "9.89"]
[White "Chhatralia, Bhavik"]
[Black "Fakoorziba, Payam"]
[Result "1-0"]
[WhiteElo "1683"]
[BlackElo "1003"]
[PlyCount "41"]
[EventDate "2022.07.12"]
[EventType "swiss"]
[EventRounds "9"]
[EventCountry "CAN"]

1. e4 e5 2. Nf3 Nc6 3. d4 exd4 4. Nxd4 Bc5 5. Be3 Qf6 6. c3 Nge7 7. Bc4 O-O 8.
O-O Ne5 9. Bb3 Qb6 10. Nd2 N7g6 11. Qe2 d6 12. h3 c6 13. f4 Nd7 14. Rae1 Nf6
15. g4 Re8 16. f5 Ne5 17. g5 Nxe4 18. Nxe4 Nd7 19. Bxf7+ Kxf7 20. Qh5+ Kg8 21.
Qxe8+ 1-0

[Event "CAN op"]
[Site "Hamilton CAN"]
[Date "2022.07.17"]
[Round "9.90"]
[White "Zhang, Raymond Tangning"]
[Black "Wiraszka, Michal"]
[Result "1/2-1/2"]
[WhiteElo "1682"]
[BlackElo "957"]
[PlyCount "104"]
[EventDate "2022.07.12"]
[EventType "swiss"]
[EventRounds "9"]
[EventCountry "CAN"]

1. d4 Nf6 2. Nf3 d5 3. c4 c6 4. e3 Bf5 5. Nh4 Bxb1 6. Rxb1 Ne4 7. Bd2 e6 8. Nf3
Nd7 9. Bd3 Bd6 10. O-O f5 11. Ne1 Qc7 12. f4 Ndf6 13. c5 Be7 14. b4 O-O 15. b5
cxb5 16. Bxb5 Nxd2 17. Qxd2 Ne4 18. Qb4 b6 19. cxb6 axb6 20. Qb2 Ba3 21. Qe2
Qe7 22. Rb3 Rfc8 23. Nf3 Ra5 24. Qd3 Bd6 25. a4 Qc7 26. Rfb1 g5 27. Ne5 gxf4
28. Bd7 Qc1+ 29. Qf1 Qxf1+ 30. Rxf1 Nd2 31. Bxe6+ Kg7 32. Bxc8 Nxb3 33. Rb1 Nd2
34. Rxb6 Bxe5 35. dxe5 Rxa4 36. exf4 Rxf4 37. h3 Rf1+ 38. Kh2 f4 39. Rb7+ Kg6
40. e6 Re1 41. Rf7 Re4 42. Rd7 Re2 43. Kg1 f3 44. gxf3 Nxf3+ 45. Kf1 Re5 46.
Rd6 Nd2+ 47. Kg2 Rg5+ 48. Kh1 Nf3 49. e7+ Kf7 50. Bg4 Nd2 51. Re6 Ke8 52. Be2
Nc4 1/2-1/2

[Event "CAN op"]
[Site "Hamilton CAN"]
[Date "2022.07.17"]
[Round "9.92"]
[White "Helwig, Frank"]
[Black "Higgins, Brian"]
[Result "1-0"]
[WhiteElo "1559"]
[BlackElo "933"]
[PlyCount "62"]
[EventDate "2022.07.12"]
[EventType "swiss"]
[EventRounds "9"]
[EventCountry "CAN"]

1. d4 Nf6 2. c4 g6 3. Nc3 Bg7 4. e4 d6 5. Nf3 O-O 6. Be2 Nbd7 7. O-O e5 8. d5
h6 9. h3 Nh5 10. Re1 Re8 11. Qc2 c6 12. Be3 Nf4 13. Bf1 Nf8 14. Kh2 cxd5 15.
cxd5 f5 16. g3 Nh5 17. exf5 Bxf5 18. Ne4 Nf6 19. Nxf6+ Qxf6 20. Qd2 Kh7 21.
Rac1 Bxh3 22. Bxh3 Qxf3 23. Rc7 b6 24. Bxh6 Qf6 25. Bxg7 Qxg7 26. Rxg7+ Kxg7
27. Qc3 Rac8 28. Bxc8 Nh7 29. f4 Rf8 30. Kg2 Kh6 31. fxe5 Rf5 1-0

[Event "CAN op"]
[Site "Hamilton CAN"]
[Date "2022.07.17"]
[Round "9.95"]
[White "Dolmer, William"]
[Black "Gillis, Doug"]
[Result "1/2-1/2"]
[WhiteElo "1165"]
[BlackElo "1417"]
[PlyCount "44"]
[EventDate "2022.07.12"]
[EventType "swiss"]
[EventRounds "9"]
[EventCountry "CAN"]

1. d4 d6 2. e4 Nf6 3. Bd3 e5 4. dxe5 dxe5 5. Nf3 Nc6 6. O-O Bg4 7. Nc3 Nd4 8.
Be2 Bxf3 9. Bxf3 c6 10. Be3 Nxf3+ 11. Qxf3 Qd7 12. Rfd1 Qg4 13. Qxg4 Nxg4 14.
Bg5 f6 15. Bh4 Bb4 16. Rd3 Ke7 17. Rg3 h5 18. h3 g5 19. Bxg5 Nxf2 20. Bxf6+
Kxf6 21. Rf3+ Ke6 22. Kxf2 Rag8 1/2-1/2

[Event "CAN op"]
[Site "Hamilton CAN"]
[Date "2022.07.17"]
[Round "9.96"]
[White "Qian, Ashley"]
[Black "Basi, Karandeep"]
[Result "0-1"]
[WhiteElo "1413"]
[BlackElo "1280"]
[PlyCount "66"]
[EventDate "2022.07.12"]
[EventType "swiss"]
[EventRounds "9"]
[EventCountry "CAN"]

1. e4 c5 2. Nf3 d6 3. d4 cxd4 4. Nxd4 Nf6 5. Nc3 a6 6. Be3 e5 7. Nb3 Be6 8. f3
Be7 9. Qd2 Nbd7 10. g4 b5 11. O-O-O O-O 12. h4 b4 13. Nd5 Bxd5 14. exd5 Nb6 15.
Bxb6 Qxb6 16. Kb1 a5 17. Re1 a4 18. Nc1 Ra5 19. Bc4 Rc8 20. b3 axb3 21. cxb3
Rca8 22. h5 h6 23. Rhg1 Nh7 24. f4 exf4 25. Rxe7 Qxg1 26. Qxf4 Nf6 27. Re2 Qxg4
28. Qxd6 Qxh5 29. Re5 Qh1 30. Qxb4 Rxa2 31. Re1 Ra1+ 32. Kb2 Qh2+ 33. Re2 Qf4
0-1

[Event "CAN op"]
[Site "Hamilton CAN"]
[Date "2022.07.17"]
[Round "9.98"]
[White "Buchanan, Jessica"]
[Black "Chen, Sam"]
[Result "0-1"]
[WhiteElo "896"]
[BlackElo "1299"]
[PlyCount "86"]
[EventDate "2022.07.12"]
[EventType "swiss"]
[EventRounds "9"]
[EventCountry "CAN"]

1. d4 d5 2. Nf3 Nf6 3. c4 c6 4. Nc3 e6 5. g3 Nbd7 6. Bg2 Bd6 7. O-O O-O 8. Qd3
e5 9. e4 exd4 10. Qxd4 Bc5 11. Qd3 dxe4 12. Nxe4 Nxe4 13. Qxe4 Re8 14. Qc2 Ne5
15. Ng5 Ng6 16. h4 Bg4 17. Be4 Qf6 18. Be3 Bb6 19. Bxb6 axb6 20. f3 Bh5 21. g4
Nxh4 22. Nxh7 Qd4+ 23. Kh1 Bg6 24. Bxg6 fxg6 25. Qh2 Kxh7 26. Qxh4+ Kg8 27. b3
Re2 28. a4 Rb2 29. Rad1 Qc3 30. Rd8+ Rxd8 31. Qxd8+ Kf7 32. Qd7+ Kf6 33. g5+
Kxg5 34. Qg4+ Kf6 35. Qf4+ Ke6 36. Qe4+ Kd6 37. Qxg6+ Kc5 38. Qf5+ Kb4 39. Qf8+
Kxb3 40. Qd8 Qc2 41. Qxb6+ Ka2 42. Qg1 Qh7+ 43. Qh2 Qxh2# 0-1

[Event "CAN op"]
[Site "Hamilton CAN"]
[Date "2022.07.17"]
[Round "9.99"]
[White "Sun, Jonathan"]
[Black "Mourgelas, James"]
[Result "0-1"]
[WhiteElo "873"]
[BlackElo "1346"]
[PlyCount "82"]
[EventDate "2022.07.12"]
[EventType "swiss"]
[EventRounds "9"]
[EventCountry "CAN"]

1. d4 g6 2. Bf4 d6 3. Nc3 Bg7 4. Nf3 b6 5. Bg5 h6 6. Bh4 Bb7 7. e4 Nd7 8. Bd3
Ngf6 9. Qe2 O-O 10. Ba6 Qc8 11. Bxb7 Qxb7 12. O-O-O e6 13. e5 Nd5 14. Nxd5 Qxd5
15. Kb1 Rfb8 16. g4 b5 17. g5 h5 18. Rhe1 b4 19. Qe4 Qb5 20. Qd3 Qb7 21. Qb3 d5
22. a4 bxa3 23. Qxb7 Rxb7 24. b3 a5 25. Ka2 Bf8 26. Nd2 Bb4 27. Re3 Nb6 28. Nb1
a4 29. bxa4 Nxa4 30. Rb3 Rab8 31. Rdd3 c5 32. Rh3 c4 33. Rbe3 Be7 34. Rb3 cxb3+
35. Rxb3 Rxb3 36. cxb3 Nb6 37. Nxa3 Ra8 38. Kb2 Rxa3 39. f4 Ra8 40. Be1 Nc8 41.
h4 Na7 0-1

[Event "CAN op"]
[Site "Hamilton CAN"]
[Date "2022.07.17"]
[Round "9.100"]
[White "Crooks, Israel"]
[Black "Di Tommaso, Brittany"]
[Result "1-0"]
[WhiteElo "1611"]
[BlackElo "925"]
[PlyCount "37"]
[EventDate "2022.07.12"]
[EventType "swiss"]
[EventRounds "9"]
[EventCountry "CAN"]

1. e4 e5 2. Nf3 Nc6 3. Bc4 Bc5 4. c3 Nf6 5. d4 Bd6 6. O-O Nxe4 7. Re1 Ng5 8.
Bxg5 Be7 9. Nxe5 Nxe5 10. Bxe7 Kxe7 11. Rxe5+ Kf8 12. Qf3 f6 13. Qh5 Qe7 14.
Rxe7 Kxe7 15. Qf7+ Kd6 16. Qd5+ Ke7 17. Nd2 Kd8 18. Re1 Re8 19. Rxe8+ 1-0

[Event "CAN op"]
[Site "Hamilton CAN"]
[Date "2022.07.17"]
[Round "9.101"]
[White "Stajov, George"]
[Black "Sun, Michael"]
[Result "0-1"]
[WhiteElo "1345"]
[BlackElo "1043"]
[PlyCount "76"]
[EventDate "2022.07.12"]
[EventType "swiss"]
[EventRounds "9"]
[EventCountry "CAN"]

1. d4 c6 2. c4 d5 3. Nc3 Bf5 4. e3 Nf6 5. Nf3 h6 6. Be2 e6 7. O-O Bd6 8. c5 Bc7
9. Ne5 Nbd7 10. f4 Nxe5 11. fxe5 Ne4 12. Bg4 Nxc3 13. bxc3 Bxg4 14. Qxg4 O-O
15. e4 Kh8 16. exd5 exd5 17. Bxh6 gxh6 18. Rf6 Qxf6 19. exf6 Rg8 20. Qh5 Rg6
21. Rf1 Rag8 22. Rf2 Kh7 23. Qf5 b6 24. Qd7 Bd8 25. Qxf7+ Kh8 26. Kf1 bxc5 27.
Qe6 cxd4 28. cxd4 Rf8 29. Qxc6 Rgxf6 30. Rxf6 Rxf6+ 31. Qxf6+ Bxf6 32. Ke2 Bxd4
33. Kd3 Ba1 34. h3 Kg7 35. g4 Kg6 36. h4 Bf6 37. g5 Bxg5 38. hxg5 hxg5 0-1

[Event "CAN op"]
[Site "Hamilton CAN"]
[Date "2022.07.17"]
[Round "9.102"]
[White "Pickard, Michael"]
[Black "Chua, Zachary"]
[Result "0-1"]
[WhiteElo "1324"]
[BlackElo "861"]
[PlyCount "108"]
[EventDate "2022.07.12"]
[EventType "swiss"]
[EventRounds "9"]
[EventCountry "CAN"]

1. d4 d5 2. Bf4 e6 3. Nf3 Nf6 4. e3 Be7 5. c3 O-O 6. Nbd2 b6 7. Bd3 Bb7 8. O-O
Nbd7 9. Re1 Rc8 10. h3 c5 11. c4 cxd4 12. Nxd4 e5 13. Nf5 exf4 14. exf4 Bb4 15.
a3 Bxd2 16. Qxd2 Nc5 17. Ne7+ Kh8 18. Nxc8 Qxc8 19. Bc2 Qc6 20. f3 dxc4 21.
Rac1 Qb5 22. Qc3 Nd5 23. Qe5 Nd3 24. Bxd3 cxd3 25. Rcd1 Bc6 26. Qd4 Qc5 27.
Qxc5 bxc5 28. Rxd3 Nxf4 29. Rc3 Be8 30. Rxc5 Nd3 31. Rec1 Nxc1 32. Rxc1 a6 33.
Rc8 Kg8 34. Ra8 Bb5 35. Ra7 Rc8 36. a4 Bc4 37. b4 Kf8 38. Kh2 Rb8 39. Rc7 Rxb4
40. g4 Rxa4 41. Kg3 Be6 42. f4 g6 43. Kf3 Ra3+ 44. Kg2 Bd5+ 45. Kh2 Rf3 46. Rd7
Bc4 47. Rc7 Bb5 48. Kg2 Rxf4 49. Kg3 Rb4 50. Kh4 Kg7 51. Kg5 h6+ 52. Kh4 Rb3
53. Rc1 g5+ 54. Kh5 Rxh3# 0-1

[Event "CAN op"]
[Site "Hamilton CAN"]
[Date "2022.07.17"]
[Round "9.103"]
[White "Takeuchi, Nobuko"]
[Black "Lu, Aiden"]
[Result "0-1"]
[WhiteElo "927"]
[BlackElo "1291"]
[PlyCount "104"]
[EventDate "2022.07.12"]
[EventType "swiss"]
[EventRounds "9"]
[EventCountry "CAN"]

1. d4 d5 2. c4 c6 3. Nc3 Nf6 4. e3 e6 5. Nf3 Nbd7 6. cxd5 cxd5 7. Bb5 a6 8. Ba4
Bd6 9. Ne5 O-O 10. O-O Nxe5 11. dxe5 Bxe5 12. h3 Qc7 13. Bd2 Rd8 14. Rc1 Qb6
15. Rb1 d4 16. Ne2 dxe3 17. Bxe3 Rxd1 18. Bxb6 Rd2 19. Rbd1 Rxd1 20. Rxd1 g6
21. Rd8+ Kg7 22. b4 Nd5 23. Bd4 Bxd4 24. Nxd4 b5 25. Bb3 Bb7 26. Nxe6+ Kf6 27.
Rxa8 Bxa8 28. Nc5 Nc7 29. Nd7+ Ke7 30. Ne5 f6 31. Nd3 Bd5 32. Bxd5 Nxd5 33. a3
Nb6 34. Nb2 Nc4 35. Nxc4 bxc4 36. Kf1 Ke6 37. Ke2 Kd5 38. Kd2 Kd4 39. Kc2 c3
40. f3 Kc4 41. g4 g5 42. Kc1 Kb3 43. a4 Kxa4 44. b5 axb5 45. Kb1 Kb3 46. Kc1 c2
47. f4 gxf4 48. h4 f3 49. g5 fxg5 50. hxg5 f2 51. g6 f1=Q+ 52. Kd2 c1=Q# 0-1

[Event "CAN op"]
[Site "Hamilton CAN"]
[Date "2022.07.17"]
[Round "9.107"]
[White "Zapata, Edgar"]
[Black "McKitrick, Jerry"]
[Result "1-0"]
[WhiteElo "1151"]
[BlackElo "1050"]
[PlyCount "39"]
[EventDate "2022.07.12"]
[EventType "swiss"]
[EventRounds "9"]
[EventCountry "CAN"]

1. e4 e5 2. Nf3 Nc6 3. Nc3 Nf6 4. d3 Bc5 5. h3 O-O 6. g4 d5 7. Bg5 h6 8. Bh4
Be7 9. Be2 a6 10. g5 dxe4 11. gxh6 exf3 12. Bxf3 e4 13. Be2 gxh6 14. Qd2 Kh7
15. O-O-O exd3 16. Bxd3+ Kh8 17. Qxh6+ Kg8 18. Rhg1+ Bg4 19. Rxg4+ Nxg4 20.
Qh7# 1-0

[Event "CAN-ch"]
[Site "Kingston CAN"]
[Date "2022.04.13"]
[Round "1.2"]
[White "Nicula, Marius"]
[Black "Sambuev, Bator"]
[Result "0-1"]
[WhiteElo "2186"]
[BlackElo "2502"]
[PlyCount "164"]
[EventDate "2022.04.13"]
[EventType "swiss"]
[EventRounds "9"]
[EventCountry "CAN"]

1. e4 e6 2. d4 d5 3. exd5 exd5 4. Nf3 Nc6 5. Bf4 Bd6 6. Bxd6 Qxd6 7. c3 Bg4 8.
Nbd2 O-O-O 9. Be2 Nge7 10. O-O f6 11. Ne1 Bf5 12. Bg4 h5 13. Bxf5+ Nxf5 14. Nd3
Rde8 15. Qf3 Nce7 16. Rfe1 g5 17. Nc5 Ng7 18. Nc4 Qf4 19. Qxf4 gxf4 20. Nd2 Ng6
21. Kf1 b6 22. Rxe8+ Rxe8 23. Nd3 Kd7 24. Re1 Rg8 25. Nf3 Ne6 26. Rd1 Kd6 27.
Rd2 a5 28. a4 c5 29. Nde1 cxd4 30. Nxd4 Nc5 31. Nb5+ Kc6 32. Nd4+ Kb7 33. b3
Ne5 34. Rb2 Ne4 35. Rc2 Rc8 36. Nb5 Rd8 37. Ke2 Nc5 38. Rb2 Rg8 39. Kf1 Ne4 40.
Rc2 Kc6 41. Nd4+ Kd7 42. Ne2 Ng6 43. Nd3 f3 44. gxf3 Ng5 45. Nef4 Nxf3 46. Nxh5
Nxh2+ 47. Ke2 Ke6 48. Nhf4+ Nxf4+ 49. Nxf4+ Ke5 50. Nd3+ Ke4 51. Ne1 Kf4 52.
Nd3+ Kg4 53. Ne1 Re8+ 54. Kd1 Nf3 55. Ng2 d4 56. cxd4 Nxd4 57. Rc3 Re6 58. Rg3+
Kf5 59. Re3 Rd6 60. Kc1 Ne6 61. Nh4+ Kf4 62. Ng2+ Kf5 63. Nh4+ Kg5 64. Nf3+ Kf4
65. Nd2 Rc6+ 66. Kb2 Ng5 67. Re8 Nh3 68. Re3 Ng5 69. Re8 Ne6 70. Re7 f5 71. Nc4
Nc5 72. Ne3 Nd3+ 73. Ka3 Nxf2 74. Nd5+ Kf3 75. Rf7 Ke4 76. Rxf5 Nd3 77. Rh5 Rc1
78. Ka2 Rc2+ 79. Ka3 Nc1 80. Nf6+ Kd3 81. Rd5+ Ke3 82. Re5+ Kf4 0-1

[Event "CAN-ch"]
[Site "Kingston CAN"]
[Date "2022.04.13"]
[Round "1.3"]
[White "Panjwani, Raja"]
[Black "Tremblay, Rejean"]
[Result "1-0"]
[WhiteElo "2448"]
[BlackElo "2167"]
[PlyCount "63"]
[EventDate "2022.04.13"]
[EventType "swiss"]
[EventRounds "9"]
[EventCountry "CAN"]

1. Nf3 Nf6 2. c4 g6 3. g3 Bg7 4. Bg2 O-O 5. d4 d6 6. Nc3 Nc6 7. O-O a6 8. b3
Rb8 9. d5 Na5 10. Bd2 c5 11. Qe1 b6 12. e4 Ng4 13. Rd1 Nb7 14. h3 Ne5 15. Nh2
f5 16. f4 Nf7 17. Nf3 b5 18. exf5 Bxf5 19. Ne4 bxc4 20. bxc4 Qc7 21. g4 Bd7 22.
Neg5 Nfd8 23. Nh4 h6 24. Nxg6 hxg5 25. Nxe7+ Kh8 26. fxg5 Bd4+ 27. Kh2 Kg7 28.
Rxf8 Kxf8 29. Ng6+ Kg7 30. Qe7+ Nf7 31. Rf1 Be5+ 32. Nxe5 1-0

[Event "CAN-ch"]
[Site "Kingston CAN"]
[Date "2022.04.13"]
[Round "1.4"]
[White "Abrahams, Daniel"]
[Black "Thavandiran, Shiyam"]
[Result "0-1"]
[WhiteElo "2163"]
[BlackElo "2420"]
[PlyCount "104"]
[EventDate "2022.04.13"]
[EventType "swiss"]
[EventRounds "9"]
[EventCountry "CAN"]

1. Nf3 Nf6 2. g3 g6 3. b3 Bg7 4. Bb2 O-O 5. Bg2 d6 6. d4 b5 7. a4 b4 8. Nbd2
Bb7 9. O-O Na6 10. e3 c5 11. Qe2 cxd4 12. exd4 Nc7 13. Rfe1 Re8 14. Nc4 Ncd5
15. Ng5 Qc7 16. Ne4 Rac8 17. Qd2 Rb8 18. Nxf6+ Bxf6 19. Re2 e6 20. Rae1 Rec8
21. h4 h5 22. Ne3 Nc3 23. Bxc3 bxc3 24. Qd3 d5 25. Nd1 Kg7 26. Bh3 Qa5 27. Qf3
Ba6 28. Re3 Bxd4 29. Bxe6 fxe6 30. Rxe6 Rf8 31. Re7+ Kg8 32. Qg2 Bc8 33. Qf1
Ba6 34. Qh3 Bc8 35. g4 Qb6 36. Qg3 Bf6 37. a5 Qb4 38. gxh5 Bg4 39. R7e6 Bxh5
40. Ne3 Qxh4 41. Nxd5 Qxg3+ 42. fxg3 Kg7 43. Nf4 Bg4 44. Ra6 Rf7 45. Re4 Bf5
46. Re2 Rd8 47. Kf1 Rd1+ 48. Kf2 Bd4+ 49. Kg2 Rg1+ 50. Kh2 Kf8 51. Ng2 Rc1 52.
Ne1 Re7 0-1

[Event "CAN-ch"]
[Site "Kingston CAN"]
[Date "2022.04.13"]
[Round "1.5"]
[White "Plotkin, Mark"]
[Black "Rusonik, Max"]
[Result "1/2-1/2"]
[WhiteElo "2365"]
[BlackElo "2115"]
[PlyCount "116"]
[EventDate "2022.04.13"]
[EventType "swiss"]
[EventRounds "9"]
[EventCountry "CAN"]

1. Nf3 d5 2. c4 e6 3. d4 Nf6 4. g3 c5 5. cxd5 exd5 6. Bg2 Nc6 7. O-O Be7 8. Nc3
O-O 9. dxc5 Bxc5 10. Bg5 d4 11. Bxf6 Qxf6 12. Ne4 Qe7 13. Nxc5 Qxc5 14. Rc1 Qb6
15. Qc2 h6 16. Rfd1 Be6 17. b3 Rfd8 18. Rd2 a5 19. Rcd1 Rd7 20. e3 Bg4 21. Qe4
Bxf3 22. Qxf3 Rad8 23. Qf5 Rd6 24. Be4 g6 25. Qf4 Nb4 26. Bb1 Nc6 27. Qxh6 Ne5
28. Qf4 dxe3 29. Rxd6 Rxd6 30. Rxd6 exf2+ 31. Qxf2 Qxd6 32. Be4 Ng4 33. Qe2 Nf6
34. Bf3 b6 35. Kg2 Nd7 36. h4 Nc5 37. Be4 Qd4 38. g4 Nd7 39. Bf3 Nf8 40. Qf2
Qd6 41. Be2 Ne6 42. Bc4 Nf4+ 43. Kf3 Nd3 44. Bxd3 Qxd3+ 45. Qe3 Qd1+ 46. Kg3
Qd5 47. Kh3 Qc6 48. h5 Qf6 49. Kg3 Kh7 50. a4 Qd6+ 51. Kh4 Qh2+ 52. Kg5 Qd6 53.
Qc3 Qe7+ 54. Qf6 Qe3+ 55. Kh4 Qe1+ 56. Kh3 Qe3+ 57. Kh4 Qe1+ 58. Kh3 Qe3+
1/2-1/2

[Event "CAN-ch"]
[Site "Kingston CAN"]
[Date "2022.04.13"]
[Round "1.6"]
[White "Tanaka, Tyler"]
[Black "Chiku-Ratte, Olivier-Kenta"]
[Result "0-1"]
[WhiteElo "2113"]
[BlackElo "2364"]
[PlyCount "60"]
[EventDate "2022.04.13"]
[EventType "swiss"]
[EventRounds "9"]
[EventCountry "CAN"]

1. Nf3 Nf6 2. g3 g6 3. b3 Bg7 4. Bb2 O-O 5. Bg2 d6 6. d4 c6 7. O-O Bf5 8. Nbd2
a5 9. a3 Ne4 10. Nh4 Nxd2 11. Qxd2 Be6 12. f4 a4 13. f5 Bc8 14. Rf2 Nd7 15. e4
c5 16. e5 dxe5 17. dxc5 Nxc5 18. Qe3 Nd7 19. Raf1 Nf6 20. h3 Qd6 21. Rd2 Qc7
22. g4 e4 23. Bxe4 Nxe4 24. Bxg7 Nxd2 25. Be5 Nxf1 26. Kxf1 Qa5 27. Bc3 Qa6+
28. Kg2 Qc6+ 29. Kh2 axb3 30. Qd4 Qd6+ 0-1

[Event "CAN-ch"]
[Site "Kingston CAN"]
[Date "2022.04.13"]
[Round "1.7"]
[White "Rodrigue-Lemieux, Shawn"]
[Black "Barron, Michael"]
[Result "1-0"]
[WhiteElo "2342"]
[BlackElo "2108"]
[PlyCount "99"]
[EventDate "2022.04.13"]
[EventType "swiss"]
[EventRounds "9"]
[EventCountry "CAN"]

1. e4 e5 2. Nf3 Nc6 3. Bb5 a6 4. Ba4 Nf6 5. d3 b5 6. Bb3 Bc5 7. O-O O-O 8. a4
b4 9. a5 d6 10. Nbd2 h6 11. h3 Rb8 12. Re1 g5 13. Nh2 Be6 14. Bc4 Qc8 15. Ndf1
Bxc4 16. dxc4 Qe6 17. Qd3 Nh5 18. Ne3 Nf4 19. Qd1 Ne7 20. g3 Nxh3+ 21. Kg2 f5
22. Kxh3 f4+ 23. Qg4 Qxg4+ 24. Nexg4 h5 25. Nh6+ Kh7 26. gxf4 gxf4 27. Nf5 Nxf5
28. exf5 Bxf2 29. Re2 Bc5 30. Bd2 Rxf5 31. Rf1 Rg8 32. Be1 Rfg5 33. Nf3 Rg4 34.
Nd2 Rg1 35. Rxg1 Rxg1 36. Kh2 Rg4 37. Ne4 f3 38. Nf6+ Kg6 39. Nxg4 hxg4 40. Rd2
e4 41. Bh4 e3 42. Rd5 e2 43. Rg5+ Kh6 44. Rxc5 dxc5 45. Kg1 Kh5 46. Bg3 Kg5 47.
Kf2 c6 48. Ke3 Kf5 49. b3 Kg5 50. Ke4 1-0

[Event "CAN-ch"]
[Site "Kingston CAN"]
[Date "2022.04.13"]
[Round "1.8"]
[White "Clyde, Jordan"]
[Black "Zhang, Yuanchen"]
[Result "0-1"]
[WhiteElo "2088"]
[BlackElo "2330"]
[PlyCount "78"]
[EventDate "2022.04.13"]
[EventType "swiss"]
[EventRounds "9"]
[EventCountry "CAN"]

1. e4 e5 2. Nf3 Nc6 3. Bb5 a6 4. Ba4 Nf6 5. Bxc6 dxc6 6. d3 Bd6 7. h3 O-O 8. g4
Nd7 9. Nbd2 Nc5 10. Nf1 Ne6 11. Rg1 c5 12. Ne3 b5 13. b3 Nf4 14. Rg3 Be6 15.
Bb2 f6 16. c4 Be7 17. Nd5 Bxd5 18. exd5 c6 19. d6 Qxd6 20. Nh4 Rfd8 21. Nf5 Qe6
22. Qc2 Ra7 23. O-O-O Rad7 24. Kb1 Bf8 25. Bc1 g6 26. Bxf4 exf4 27. Rgg1 bxc4
28. bxc4 Qf7 29. Nh4 Rb7+ 30. Kc1 f3 31. Qc3 Qc7 32. Kc2 Bg7 33. Nxf3 f5 34. d4
cxd4 35. Rxd4 Bxd4 36. Nxd4 Qf4 37. Rd1 Rbd7 38. Qe1 Qe4+ 39. Qxe4 fxe4 0-1

[Event "CAN-ch"]
[Site "Kingston CAN"]
[Date "2022.04.13"]
[Round "1.9"]
[White "Talukdar, Rohan"]
[Black "Zheng, Richard"]
[Result "1-0"]
[WhiteElo "2321"]
[BlackElo "2036"]
[PlyCount "69"]
[EventDate "2022.04.13"]
[EventType "swiss"]
[EventRounds "9"]
[EventCountry "CAN"]

1. e4 c6 2. d4 d5 3. Nc3 dxe4 4. Nxe4 Nf6 5. Nxf6+ exf6 6. c3 Bf5 7. Qf3 Qd5 8.
Qxd5 cxd5 9. Ne2 Nc6 10. Nf4 O-O-O 11. Be2 h6 12. O-O Be7 13. Bd2 Rhe8 14. Rae1
Be4 15. f3 Bh7 16. Bd1 g5 17. Nh5 f5 18. f4 g4 19. Bc2 Rg8 20. Re2 Bh4 21. Be1
Be7 22. Ng3 Rge8 23. Bxf5+ Bxf5 24. Nxf5 Bf8 25. Kf2 Ne7 26. Ne3 f5 27. Bd2 b5
28. a4 a6 29. axb5 axb5 30. Ra1 Kc7 31. Ra6 Bg7 32. Ra7+ Kc6 33. Nxg4 fxg4 34.
Re6+ Rd6 35. Ra6+ 1-0

[Event "CAN-ch"]
[Site "Kingston CAN"]
[Date "2022.04.13"]
[Round "1.10"]
[White "Jung, Hans"]
[Black "Plotkin, Victor"]
[Result "0-1"]
[WhiteElo "2031"]
[BlackElo "2278"]
[PlyCount "64"]
[EventDate "2022.04.13"]
[EventType "swiss"]
[EventRounds "9"]
[EventCountry "CAN"]

1. Nc3 Nf6 2. e4 e5 3. Nf3 Nc6 4. d4 exd4 5. Nxd4 Bb4 6. Nxc6 bxc6 7. Bd3 d5 8.
exd5 cxd5 9. O-O O-O 10. Bg5 c6 11. Qf3 h6 12. Bxf6 Qxf6 13. Qxf6 gxf6 14. Ne2
Re8 15. c3 Bd6 16. Ng3 Re5 17. Rad1 Kf8 18. Be2 a5 19. b3 a4 20. b4 a3 21. Rd2
Ra7 22. Rb1 f5 23. b5 f4 24. Nf1 Rae7 25. Bf3 Bf5 26. Rb3 Rb7 27. c4 dxc4 28.
bxc6 Rxb3 29. axb3 cxb3 30. Rxd6 a2 31. Rd8+ Kg7 32. Ra8 b2 0-1

[Event "CAN-ch"]
[Site "Kingston CAN"]
[Date "2022.04.13"]
[Round "1.11"]
[White "Dorrance, Adam"]
[Black "Han, Johnathan"]
[Result "1-0"]
[WhiteElo "2260"]
[BlackElo "2009"]
[PlyCount "87"]
[EventDate "2022.04.13"]
[EventType "swiss"]
[EventRounds "9"]
[EventCountry "CAN"]

1. d4 Nf6 2. c4 e6 3. g3 d5 4. Bg2 Be7 5. Nf3 O-O 6. O-O b6 7. Ne5 Bb7 8. Nc3
Na6 9. Qa4 c5 10. cxd5 exd5 11. Rd1 cxd4 12. Qxd4 Bc5 13. Qa4 Qe7 14. Ng4 Nxg4
15. Qxg4 Qe6 16. Qa4 Rad8 17. Bf4 Rfe8 18. e3 h6 19. h4 Bf8 20. Bxd5 Bxd5 21.
Rxd5 Rxd5 22. Nxd5 Nc5 23. Qd4 Qf5 24. Nc7 Re7 25. Nd5 Re4 26. Qd1 Re8 27. Nc3
Ne6 28. e4 Qf6 29. Be3 Rd8 30. Qe2 Nd4 31. Bxd4 Rxd4 32. Kg2 Bc5 33. Rd1 Qe6
34. Rd3 Rxd3 35. Qxd3 h5 36. Nd5 g6 37. b4 Bf8 38. a4 Qc6 39. Qd4 Qd6 40. Nf6+
Kh8 41. Qxd6 Bxd6 42. b5 Be5 43. Nd5 Kg7 44. Nb4 1-0

[Event "CAN-ch"]
[Site "Kingston CAN"]
[Date "2022.04.13"]
[Round "1.12"]
[White "Chen, Max"]
[Black "Dukic, Zachary"]
[Result "1-0"]
[WhiteElo "1997"]
[BlackElo "2226"]
[PlyCount "91"]
[EventDate "2022.04.13"]
[EventType "swiss"]
[EventRounds "9"]
[EventCountry "CAN"]

1. e4 e5 2. Nf3 Nc6 3. Bc4 Nf6 4. d3 h6 5. c3 d6 6. O-O g5 7. Be3 g4 8. Nfd2 h5
9. f4 Bh6 10. Qe2 Qe7 11. fxe5 dxe5 12. b4 Bxe3+ 13. Qxe3 Be6 14. Bb5 Bd7 15.
Qg5 Nh7 16. Qg7 Qf8 17. Rxf7 Qxg7 18. Rxg7 Rd8 19. Nc4 Kf8 20. Rxd7 Rxd7 21.
Bxc6 bxc6 22. Nxe5 Rd6 23. Nd2 Ke7 24. Nb3 Re6 25. Nc4 Rf8 26. Re1 Ng5 27. Nd4
Rg6 28. Ne5 Rgg8 29. Nexc6+ Kd7 30. e5 a6 31. e6+ Ke8 32. b5 axb5 33. Nxb5 Nxe6
34. Rxe6+ Kd7 35. Nbd4 Ra8 36. Re7+ Kd6 37. Re6+ Kd7 38. Ne5+ Kc8 39. Re7 Rxa2
40. Ne6 g3 41. hxg3 Rxg3 42. Rxc7+ Kb8 43. Nc6+ Ka8 44. Nf4 h4 45. Kh2 Rf3 46.
Nd5 1-0

[Event "CAN-ch"]
[Site "Kingston CAN"]
[Date "2022.04.13"]
[Round "1.13"]
[White "Derraugh, Geordie"]
[Black "Jiang, Brian"]
[Result "0-1"]
[WhiteElo "2202"]
[BlackElo "1886"]
[PlyCount "130"]
[EventDate "2022.04.13"]
[EventType "swiss"]
[EventRounds "9"]
[EventCountry "CAN"]

1. e4 c5 2. Nf3 Nc6 3. d4 cxd4 4. Nxd4 e6 5. Nc3 Qc7 6. f4 a6 7. Nxc6 Qxc6 8.
Bd3 b5 9. Qe2 Bb4 10. Bd2 Bb7 11. O-O-O Nf6 12. Rhe1 Qc7 13. g3 O-O 14. Kb1 Be7
15. e5 Nd5 16. Ne4 Rfc8 17. Ng5 g6 18. Rf1 b4 19. Nxf7 Kxf7 20. f5 exf5 21.
Rxf5+ Kg8 22. Rh5 Qb6 23. Qg4 Nc3+ 24. Bxc3 bxc3 25. b3 Bd5 26. Rh6 Qe6 27. Bf5
Qxf5 28. Qxf5 gxf5 29. Rxd5 Rc5 30. Rxd7 Rxe5 31. a4 Re1+ 32. Ka2 Re2 33. Kb1
Rb8 34. Rc6 Re1+ 35. Ka2 a5 36. Rcc7 Bf8 37. g4 Rc1 38. Rxc3 Bg7 39. Rxg7+ Kxg7
40. gxf5 Kf6 41. Kb2 Rf1 42. Rc6+ Kg5 43. h4+ Kxh4 44. Rh6+ Kg5 45. Rxh7 Rxf5
46. Rc7 Kf6 47. c3 Ke6 48. Rc4 Kd5 49. Ka3 Rf1 50. Rh4 Rb1 51. c4+ Kc5 52. Rh5+
Kd4 53. Rh4+ Ke3 54. Rh3+ Kd4 55. Rh4+ Kc5 56. Rh5+ Kd6 57. Rh6+ Ke7 58. Rh7+
Kf6 59. Rh3 Ra1+ 60. Kb2 Rxa4 61. Rh5 Rxc4 62. Rxa5 Rcb4 63. Ra3 Ke5 64. Kc3
Ke4 65. Kc2 Kd4 0-1

[Event "CAN-ch"]
[Site "Kingston CAN"]
[Date "2022.04.13"]
[Round "1.14"]
[White "Palsson, Halldor"]
[Black "MacKinnon, Keith"]
[Result "0-1"]
[WhiteElo "1833"]
[BlackElo "2198"]
[PlyCount "60"]
[EventDate "2022.04.13"]
[EventType "swiss"]
[EventRounds "9"]
[EventCountry "CAN"]

1. d4 Nf6 2. c4 e6 3. Nf3 b6 4. a3 Ba6 5. e3 c6 6. Be2 d5 7. Nbd2 Nbd7 8. O-O
Bd6 9. b4 O-O 10. Bb2 Qb8 11. Qa4 Bxc4 12. Bxc4 dxc4 13. b5 a6 14. bxc6 b5 15.
Qc2 Nb6 16. e4 Be7 17. Ne5 Rd8 18. f4 Na4 19. f5 Qa7 20. fxe6 fxe6 21. Ndf3
Nxb2 22. Qxb2 Nxe4 23. Nd7 Qc7 24. Nfe5 Nf6 25. Qf2 Qd6 26. Qe3 Rac8 27. Rxf6
Bxf6 28. Nxf6+ gxf6 29. Qg3+ Kf8 30. Nd7+ Rxd7 0-1